Objetivos fundamentales y contenidos mínimos obligatorios de la Educación Básica: actualización 2002

Na minha lista:
Detalhes bibliográficos
Formato: Livro
Idioma:espanhol
Publicado em: Santiago Ministerio de Educación 2002
coleção:Curriculum
Assuntos:
Tags: Adicionar Tag
Sem tags, seja o primeiro a adicionar uma tag!

MARC

LEADER 00000nam a2200000 a 4500
001 UCM9962
003 CL-VaPUC
008 030530e20020000CL |||||||||||||||||spa|d
020 |a 9562920461 
082 0 4 |a 370.11  |b OBJ  |2 21 
245 1 0 |a Objetivos fundamentales y contenidos mínimos obligatorios de la Educación Básica: actualización 2002 
300 |a 182 p 
942 |c BK 
945 |d 20030530 00:00:00  |a cmena 
260 |a Santiago  |b Ministerio de Educación  |c 2002 
650 0 |a Educación básica   |9 224933 
650 0 |a Objetivos educativos  |9 306344 
650 0 |a Currículo  |9 307290 
583 |a last modification  |c 20140528 02:09:28  |k Rodrigo Vera 
490 0 |a Curriculum 
999 |c 304030  |d 304028 
952 |0 0  |1 0  |4 0  |6 370_110000000000000_OBJ_2002  |7 0  |8 A  |9 365768  |a BIBEDU  |b BIBEDU  |d 2019-11-21  |i 390749K  |o 370.11 OBJ 2002  |p 390749K  |r 2019-11-21  |w 2019-11-21  |y BK  |k EPE 
952 |0 0  |1 0  |4 0  |6 370_110000000000000_OBJ_2002  |7 0  |8 A  |9 365769  |a BIBEDU  |b BIBEDU  |d 2019-11-21  |i 3907503  |o 370.11 OBJ 2002  |p 3907503  |r 2019-11-21  |w 2019-11-21  |y BK  |k EPE 
952 |0 0  |1 0  |4 0  |6 370_110000000000000_OBJ_2002  |7 0  |8 A  |9 365771  |a BIBEDU  |b BIBEDU  |d 2019-11-21  |i 3970825  |o 370.11 OBJ 2002  |p 3970825  |r 2019-11-21  |w 2019-11-21  |y BK  |k EBA 
952 |0 0  |1 0  |4 0  |6 370_110000000000000_OBJ_2002  |7 0  |8 A  |9 365772  |a BIBEDU  |b BIBEDU  |d 2019-11-21  |i 4195558  |o 370.11 OBJ 2002  |p 4195558  |r 2019-11-21  |w 2019-11-21  |y BK  |k EBA 
952 |0 0  |1 0  |4 0  |6 370_110000000000000_OBJ_2002  |7 0  |8 A  |9 365773  |a BIBEDU  |b BIBEDU  |d 2019-11-21  |i 4523350  |o 370.11 OBJ 2002  |p 4523350  |r 2019-11-21  |w 2019-11-21  |y BK  |k EBA